|
|
|
|
| LEADER |
00000nam a2200000 a 4500 |
| 001 |
1/118280 |
| 008 |
190320q2010####gr | ||| |||| ||gre|| |
| 020 |
|
|
|a 9789606761041
|
| 040 |
|
|
|a GR-MyUa
|b gre
|c GR-MyUa
|e AACR2
|
| 041 |
0 |
|
|a gre
|h eng
|
| 082 |
7 |
|
|a 327
|2 (23)
|
| 100 |
1 |
|
|a Steans, Jill.
|
| 245 |
1 |
0 |
|a Εισαγωγή στη θεωρία των διεθνών σχέσεων /
|c Jill Steans, Lloyd Pettiford with Thomas Diez ; μετάφραση: Άγγελος Μορφόπουλος ; επιστημονική επιμέλεια: Ανδρέας Στεργίου.
|
| 260 |
|
|
|a Αθήνα :
|b Τουρίκη,
|c [2010;].
|
| 300 |
|
|
|a 409 σ. :
|b εικ. ;
|c 24 εκ.
|
| 500 |
|
|
|a Τίτλος πρωτοτύπου: Introduction to international relations perspectives and themes.
|
| 500 |
|
|
|a Περιέχει γλωσσάριο.
|
| 504 |
|
|
|a Βιβλιογραφία: σ. [381] - 400.
|
| 504 |
|
|
|a Περιλαμβάνει ευρετήριο.
|
| 650 |
|
0 |
|a International relations.
|
| 650 |
|
0 |
|a International relations
|x Political aspects.
|
| 650 |
|
0 |
|a International relations
|x Economic aspects.
|
| 650 |
|
0 |
|a International relations
|x Law and legislation.
|
| 650 |
|
0 |
|a International relations
|x Moral and ethical aspects.
|
| 650 |
|
0 |
|a Globalization
|x Economic aspects.
|
| 650 |
|
0 |
|a Globalization
|x Environmental aspects.
|
| 650 |
|
0 |
|a Globalization
|x Moral and ethical aspects.
|
| 650 |
|
0 |
|a Globalization
|x Social aspects.
|
| 700 |
1 |
|
|a Pettiford, Lloyd,
|d 1966-
|e aut
|
| 700 |
1 |
|
|a Diez, Thomas,
|d 1970-
|e aut
|
| 700 |
1 |
|
|a Μορφόπουλος, Άγγελος,
|e trl
|
| 700 |
1 |
|
|a Στεργίου, Ανδρέας,
|e edt
|e aui
|
| 852 |
|
|
|a INST
|b RHODES
|c EUDOXUS
|e 20190320
|h 327 STE
|p 005400040517
|q 005400040517
|t EDX
|y 0
|
| 852 |
|
|
|a INST
|b RHODES
|c EUDOXUS
|e 20190320
|h 327 STE
|p 005400040518
|q 005400040518
|t EDX
|y 0
|
| 920 |
|
|
|a Εύδοξος
|b Επιστροφή
|y Ρόδος
|z 2019-03
|
| 970 |
|
|
|a Μαρία
|b Κωτάκου
|z 20-03-2019
|